000 00678nam a2200265 a 4500
003 AR-BaBNM
005 20251128204941.0
008 082120s2002 ||||||||||||||000 | spa||
020 _a950-777-001-1
040 _cAR-BaBNM
100 1 _aLarra, Raúl
245 0 0 _aSitiados y sitiadores
260 _aBuenos Aires
_bEdiciones Letra Buena
_c1991
300 _a197 p.
490 0 _aLetras. Novela
500 _aContiene referencias bibliográficas del autor en p. 3
650 4 _aLITERATURA ARGENTINA
650 4 _aCULTURA
650 4 _aHUMANIDADES
653 _aNARRATIVA
653 _aNOVELA HISTORICA
655 _aLITERATURA
942 _cBK
998 _cMARTIN
999 _c9461
_d9461